El ente dilucidado : tratado de monstruos y fantasmas /

Bibliographic Details
Main Author: Fuentelapeña, Antonio de
Other Authors: Ruiz, Javier
Format: Book
Language:Spanish
Published: Madrid : Editora Nacional, [1978]
Series:Biblioteca de visionarios, heterodoxos y marginados ; 2a ser., 4.
Subjects:

MARC

Tag First Indicator Second Indicator Subfields
LEADER 00000cam a2200000 i 4500
001 in00002010521
005 20151031143012.0
008 800102s1978 sp 001 0 spa
010 |a  79110451  
015 |a Sp*** 
020 |a 8427604637 :  |c 550ptas 
035 |a (OCoLC)ocm05941517 
040 |a DLC  |c DLC  |d OCL  |d MUQ  |d UtOrBLW 
049 |a TXAM 
050 0 0 |a BF1552  |b .F84 
092 |a 398.45  |b F954e 
100 1 |a Fuentelapeña, Antonio de. 
245 1 3 |a El ente dilucidado :  |b tratado de monstruos y fantasmas /  |c Antonio de Fuentelapeña ; edición de Javier Ruiz. 
264 1 |a Madrid :  |b Editora Nacional,  |c [1978] 
264 4 |c ©1978 
300 |a 767 pages ;  |c 21 cm. 
336 |a text  |b txt  |2 rdacontent 
337 |a unmediated  |b n  |2 rdamedia 
338 |a volume  |b nc  |2 rdacarrier 
490 1 |a Biblioteca de visionarios, heterodoxos y marginados ;  |v 2a ser., 4 
500 |a Includes index. 
536 |a From the Biblioteca Asensio April 2004. 
650 0 |a Fairies. 
650 6 |a Fées. 
700 1 |a Ruiz, Javier. 
830 0 |a Biblioteca de visionarios, heterodoxos y marginados ;  |v 2a ser., 4. 
948 |a cataloged  |b h  |c 2004/11/19  |d c  |e cmulkey  |f 11:50:23 am 
994 |a C0  |b TXA 
999 |a MARS 
999 f f |s 1edf4de6-5963-3922-8d14-db14621a0fe8  |i 4eea7215-bbee-3185-a129-980ef4b23ca4  |t 0 
952 f f |p ric  |a Texas A&M University  |b Rellis Campus  |c Joint Library Facility  |d Remote Storage  |t 0  |e BF1552 .F84  |h Library of Congress classification  |i unmediated -- volume  |m A14831601810 
998 f f |a BF1552 .F84  |t 0  |l Remote Storage